Sokrates ve insan sevgisi (Record no. 4194)

000 -LEADER
fixed length control field 00943nmm a2200289 a 4500
001 - CONTROL NUMBER
control field ocm000601705
003 - CONTROL NUMBER IDENTIFIER
control field TR-IsHL
005 - DATE AND TIME OF LATEST TRANSACTION
control field 20201028130744.0
008 - FIXED-LENGTH DATA ELEMENTS--GENERAL INFORMATION
fixed length control field 131010s1995 tu tur
007 - PHYSICAL DESCRIPTION FIXED FIELD--GENERAL INFORMATION
fixed length control field cr cn
020 ## - INTERNATIONAL STANDARD BOOK NUMBER
International Standard Book Number 9789755201115
035 ## - SYSTEM CONTROL NUMBER
System control number 601705
-- (N$T)
050 04 - LIBRARY OF CONGRESS CALL NUMBER
Classification number B318.H84
Item number V47 1995
090 04 - LOCALLY ASSIGNED LC-TYPE CALL NUMBER (OCLC); LOCAL CALL NUMBER (RLIN)
Classification number (OCLC) (R) ; Classification number, CALL (RLIN) (NR) B318.H84
Local cutter number (OCLC) ; Book number/undivided call number, CALL (RLIN) V47 1995
100 1# - MAIN ENTRY--PERSONAL NAME
Personal name Versenyi, Laszlo
245 10 - TITLE STATEMENT
Title Sokrates ve insan sevgisi
Medium [electronic resource] /
Statement of responsibility, etc. Laszlo Versenyi ; çev. Ahmet Cevizci
250 ## - EDITION STATEMENT
Edition statement 2. bs.
260 ## - PUBLICATION, DISTRIBUTION, ETC.
Place of publication, distribution, etc. İstanbul :
Name of publisher, distributor, etc. Gündogan Yayınları,
Date of publication, distribution, etc. 1995
300 ## - PHYSICAL DESCRIPTION
Extent 249 p.
650 #4 - SUBJECT ADDED ENTRY--TOPICAL TERM
Topical term or geographic name entry element Felsefe, Psikoloji ve Din
650 #4 - SUBJECT ADDED ENTRY--TOPICAL TERM
Topical term or geographic name entry element Philosophy, Psychology and Religion
650 #0 - SUBJECT ADDED ENTRY--TOPICAL TERM
Topical term or geographic name entry element Sokratik hümanizmi
650 #0 - SUBJECT ADDED ENTRY--TOPICAL TERM
Topical term or geographic name entry element Socratic humanism
650 #7 - SUBJECT ADDED ENTRY--TOPICAL TERM
Topical term or geographic name entry element PHILOSOPHY / History & Surveys / General
Source of heading or term bisacsh
700 1# - ADDED ENTRY--PERSONAL NAME
Personal name Cevizci, Ahmet
856 40 - ELECTRONIC LOCATION AND ACCESS
Uniform Resource Identifier <a href="http://search.ebscohost.com/login.aspx?direct=true&scope=site&db=e011xww&AN=601705">http://search.ebscohost.com/login.aspx?direct=true&scope=site&db=e011xww&AN=601705</a>
Holdings
Withdrawn status Lost status Source of classification or shelving scheme Damaged status Not for loan Collection code Permanent Location Current Location Date acquired Total Checkouts Full call number Barcode Date last seen Price effective from Koha item type
        Online   Kıbrıs Amerikan Üniversitesi Kütüphanesi / American University of Cyprus Kıbrıs Amerikan Üniversitesi Kütüphanesi / American University of Cyprus 28.10.2020   B318.H84 V47 1995 601705 28.10.2020 28.10.2020 E-Kitap
Devinim Yazılım Eğitim Danışmanlık tarafından Koha'nın orjinal sürümü uyarlanarak geliştirilip kurulmuştur.